000 00449nam a2200181Ia 4500
001 17579
005 20260306171527.0
008 260306s9999||||xx |||||||||||||| ||und||
041 _aESP
082 _a658.049
_bG81
100 _aGriffin, Ricky W.
_eAUT
245 0 _aInternational business:
_ba managerial perspective
260 _c2003
300 _a652 páginas :il.
_c28 cm.
650 _aGEN
654 _aCAN
942 _cLIB
_dJUS
_fJUS
_2ddc
_n
999 _c17579
_d17579